000 00870cam a22002533a 4500
001 31347
003 PGUSA
005 20140828083658.0
008 100222s2010||||xxu|||||s|||||000 1 eng d
040 _aPGUSA
_beng
042 _adc
050 4 _aPQ
100 1 _aQueirós, Eça de,
_d1845-1900
245 1 0 _aContos
_h[electronic resource] /
_cEça de Queirós
260 _bProject Gutenberg,
_c2010
505 0 _aSingularidades de uma rapariga loura -- Um poeta lírico -- No moínho -- Civilização -- O tesoiro -- Frei Genebro -- Adão e Eva no Paraíso -- A aia -- O defunto -- José Matias -- A perfeição -- O suave milagre!
506 _aPublic domain in the USA.
516 _aElectronic text
653 _aShort stories
653 _aFiction
830 0 _aProject Gutenberg
_v31347
856 4 0 _uhttp://www.gutenberg.org/ebooks/31347
942 _cEB
999 _c260602
_d260602